Logos de marques avec des animaux - Statistiques

Statistiques générales
  • Ce quiz a été pris 45 380 fois
  • Le résultat moyen est 15 sur 20
Statistiques - réponses
Par images Réponse % Correct
Lacoste
99%
Puma
99%
Red Bull
99%
Ferrari
97%
Twitter | X
96%
Firefox
95%
Duolingo
90%
Vache qui rit
90%
NRJ
89%
Le Coq Sportif
82%
JetPunk
79%
Nestlé
78%
King Jouet
75%
PlayBoy
71%
Lamborghini
69%
World Wide Fund
63%
Swarovski
45%
English Premier League
41%
John Deere
35%
ING
26%
Aucun quiz correspondant
Distribution des résultats
% des personnes avec chaque résultat
Percentile par nombre de réponses
Votre historique - résultats
Vous n’avez pas pris ce quiz